Detalles MARC
| 000 -LÍDER |
| Campo fijo de descripción fija |
01288aam a2200313 4500 |
| 001 - NÚMERO DE CONTROL |
| Campo de control |
20405 |
| 003 - IDENTIFICADOR DEL NÚMERO DE CONTROL |
| Campo de control |
CO-MdFUSB |
| 005 - FECHA Y HORA DE LA ULTIMA TRANSACCIÓN |
| control field |
20170605122754.0 |
| 008 - ELEMENTOS DE LONGITUD FIJA -- INFORMACIÓN GENERAL |
| Campo fijo de descripción fija -- Información general |
170602t1993 xxu||||f |||| 00| 0 eng d |
| 020 ## - NÚMERO INTERNACIONAL NORMALIZADO PARA LIBROS |
| Número Internacional Normalizado del libro |
0-8006-2615-X |
| 040 ## - FUENTE DE CATALOGACIÓN |
| Agencia de catalogación original |
CO-MdFUSB |
| Idioma de catalogación |
spa |
| Agencia que realiza la transcripción |
CO-MdFUSB |
| Agencia que realiza la modificación |
CO-MdFUSB |
| Convenciones de la descripción |
rda |
| 041 ## - CÓDIGO DE IDIOMA |
| Código de idioma para texto/pista de sonido o título separado |
eng |
| 082 ## - NÚMERO DE CLASIFICACIÓN DECIMAL DEWEY |
| Número de la edición del Dewey |
24 |
| Número de clasificación |
G 221.04 |
| Clave de autor-Numero de item |
B183p |
| 100 1# - ASIENTO PRINCIPAL--NOMBRE PERSONAL |
| Nombre personal |
Balentine, Samuel E. |
| Término relacionador |
autor |
| 245 10 - TÍTULO |
| Título del Material |
Prayer in the Hebrew Bible |
| Parte restante del título - Subtitulo |
: The drama of divine-human dialogue |
| Mención de responsabilidad, etc. |
/ Samuel E. Balentine |
| 264 #1 - PRODUCCIÓN, PUBLICACIÓN, DISTRIBUCIÓN, MANUFACTURA, Y COPYRIGHT |
| Lugar de producción, publicación, distribución, manufactura |
Minneapolis, Minnesota : |
| Nombre del productor, publicador, distribuidor |
Fortress Press |
| Fecha de producción, publicación, distribución, manufactura, o copyright |
℗1993 |
| 264 #4 - PRODUCCIÓN, PUBLICACIÓN, DISTRIBUCIÓN, MANUFACTURA, Y COPYRIGHT |
| Fecha de producción, publicación, distribución, manufactura, o copyright |
©1993 |
| 300 ## - DESCRIPCIÓN FÍSICA |
| Extensión |
xvi, 311 páginas |
| Otros detalles físicos |
: |
| Dimensiones |
; |
| 336 ## - TIPO DE CONTENIDO |
| Fuente |
rdacontent |
| Término de tipo de contenido |
|
| Código de tipo de contenido |
|
| 337 ## - TIPO DE MEDIO |
| Fuente |
rdamedia |
| Nombre del tipo de medio |
|
| Código del tipo de medio |
|
| 338 ## - TIPO DE SOPORTE |
| Fuente |
rdacarrier |
| Nombre del tipo de soporte |
|
| Código Tipo de soporte |
|
| 490 ## - MENCIÓN DE SERIE |
| Mención de serie |
Overtures to Biblical Theology |
| 500 ## - NOTA GENERAL |
| Nota General |
Incluye índices (p. 297-311) |
| 505 00 - NOTA DE CONTENIDO |
| Nota de contenido con formato preestablecido |
El sujeto y el intérprete - El método - En el principio Dios - Oración y la representación de caracteres - La oración y la caracterización de Dios - Oración por la justicia divina - La tradición del lamento - Alabanza que tiene sentido - La oración en la teología de la Biblia hebrea - La teología en la oración hebrea - ¿Casa de oración o cueva de ladrones? |
| 563 ## - NOTA DE ENCUADERNACIÓN |
| Nota de encuadernación |
Rústico |
| 650 #7 - ASIENTO SECUNDARIO DE MATERIA - TERMINO TEMÁTICO |
| 9 (RLIN) |
86 |
| Término temático o nombre geográfico como elemento de entrada |
Oración |
| 942 ## - TIPO DE MATERIAL (KOHA) |
| Tipo de Item KOHA |
Libros General |